Zambia czy Zimbabwe? - Statystyki

Ogólne statystyki
  • Ten quiz został rozwiązany 3 razy
  • Średni wynik to 12 z 15
Statystyki odpowiedzi
Zagadnienie Odpowiedź % Poprawnych
Nie ma dostępu do morza Oba
100%
Był kolonią brytyjską Oba
100%
Językiem jego państwa jest angielski Oba
100%
Jego religią jest chrześcijaństwo Oba
100%
Ma czarny na fladze Oba
100%
Jest republiką Oba
100%
Ma większą powietrznię Zambia
100%
Ma większą populację Zambia
100%
Stolicą tego państwa jest Harare Zimbabwe
100%
Ponad 99% ludów to szona Zimbabwe
100%
Ma dostęp do Jeziora Tanganika Zambia
67%
Graniczy z Angolą Zambia
67%
Nazwa tego państwa pochodzi od rzeki Zambezi Zambia
67%
Kiedyś to państwo było znane jako Rhodezja Oba
33%
Ma orła na fladze Oba
0%
Nie znaleziono quizów pasujących do podanych kryteriów
Rozkład punktacji
Procent ludzi z każdym wynikiem
Percentyl według liczby udzielonych odpowiedzi
Twoja historia wyników
Nie rozwiązałeś tego quizu